Statistics for Country (True or False)

Click here to take the quiz!

General Stats

  • This quiz has been taken 39 times
  • The average score is 8 of 12

Answer Stats

QuestionAnswer% Correct
The youngest country is KosovoFalse
94%
Brazil is most southernmost countryFalse
94%
China is the oldest countryFalse
87%
Russia is bigger than AntarticaTrue
87%
The youngest country is South SudanTrue
87%
China is the richest countryFalse
77%
China is bigger than AntarticaFalse
74%
The U.S has the most olympic medalsTrue
71%
Egypt is the oldest countryFalse
58%
Canada is Bigger than AntarticaFalse
52%
The U.S has held the olympics the mostTrue
48%
Iran is the oldest countryTrue
13%

Score Distribution

Percentile by Number Answered

Percent of People with Each Score

Your Score History

You have not taken this quiz